Zabezpečenie obchodnoprávnych záväzkov - zmluvná pokuta

Bibliographic Details
Main Author: Jakubovič, Daniel, 1974- (Author)
Format: Article
Language:Slovak
ISSN:1335-6674
Subjects:

MARC

LEADER 00000nab a2200000 a 4500
001 vtls009964199
003 SK-MaSNL
005 20260304153108.0
008 250506c2008 xo br|p|||||||000 b|slo
015 |a SNBRB2009/10  |2 snkbucl 
035 |a (uuid)7559fa44-3891-47cc-bdaa-da1bb2537eb7 
035 |a urn:nbn:sk:snk-ab2zwt 
035 |a (urnnbn)urn:nbn:sk:snk:ar-a04ags 
038 |a SNKBUCL 
040 |a SNKBUCL  |b slo  |c SNKBUCL  |e AACR2 
041 0 |a slo 
044 |a xo  |c SK 
080 |a 347.4  |2 2001 
080 |a 347.7  |2 2001 
100 1 |a Jakubovič, Daniel,  |d 1974-  |4 aut  |9 88602 
245 1 0 |a Zabezpečenie obchodnoprávnych záväzkov - zmluvná pokuta  |c Daniel Jakubovič 
504 |a Bibliogr. odkazy 
650 0 7 |a zmluvné právo  |2 snkbucl  |9 74561 
650 0 7 |a obchodnoprávne záväzky  |2 snkbucl  |9 1456297 
650 0 7 |a zmluvná pokuta  |2 snkbucl  |9 1456308 
650 0 7 |a obchodné právo  |2 snkbucl  |9 2216 
773 0 |t Obchodné právo  |g Roč. IX, č. 12 (2008), s. 33-42  |x 1335-6674 
850 |a Slovenská národná knižnica 
852 |a Slovenská národná knižnica 
954 |a odborná, vedecká literatúra pôvodná (slovenská)  |2 lita 
958 |a article2022 
958 |a SK 
958 |a NB 
958 |a OND 
958 |a EUIPO 
999 |c 2952467  |d 2954397